[Event "Tamil Nadu IM 20th"]
[Site "Coimbatore"]
[Date "2024.03.03"]
[Round "9"]
[White "Sitnikov, Anton"]
[Black "Arjun, C Krishnamachari"]
[Result "1-0"]
[WhiteElo "2362"]
[BlackElo "2229"]
[PlyCount "69"]
[EventDate "2024.02.27"]
[EventType "tourn"]
[EventRounds "9"]
[EventCountry "IND"]
[SourceTitle "CB10_2024"]
[SourceDate "2024.03.06"]
[SourceVersion "1"]
[SourceVersionDate "2024.03.06"]
[SourceQuality "1"]

1. e4 c6 2. Nf3 d5 3. d3 dxe4 4. dxe4 Qxd1+ 5. Kxd1 Bg4 6. Be2 Nd7 7. Ne1 Bxe2+ 8. Kxe2 e5 9. Nd3 Nc5 10. Nxe5 Nxe4 11. Re1 Nd6 12. Kf1 0-0-0 13. Nc3 f6 14. Nf3 Nc4 15. Re4 Nd6 16. Re2 Nc4 17. a4 a5 18. Re4 Nd6 19. Re1 Nc4 20. Ne4 Ne7 21. b3 Nd6 22. Nxd6+ Rxd6 23. Bd2 Rd5 24. c4 Rd3 25. Bxa5 Rxb3 26. Red1 b6 27. Nd4 bxa5 28. Nxb3 Kc7 29. Nxa5 Nc8 30. Nb3 Bb4 31. c5 Re8 32. Rac1 Ne7 33. Rc4 Rb8 34. Nd4 Nd5 35. Rb1 1-0

[Event "Chennai Murali Mohan Memorial 2nd"]
[Site "Chennai"]
[Date "2023.07.15"]
[Round "4"]
[White "Aarav, A."]
[Black "Arjun, C Krishnamachari"]
[Result "1/2-1/2"]
[WhiteElo "1547"]
[BlackElo "2029"]
[PlyCount "128"]
[EventDate "2023.07.15"]
[EventType "swiss (rapid)"]
[EventRounds "9"]
[EventCountry "IND"]
[SourceTitle "CBM 215 Extra"]
[Source "ChessBase"]
[SourceDate "2023.09.30"]
[SourceVersion "1"]
[SourceVersionDate "2023.09.30"]
[SourceQuality "1"]

1. e4 e5 2. Nf3 Nc6 3. Bb5 Nge7 4. d4 exd4 5. Nxd4 g6 6. Nc3 Bg7 7. Be3 0-0 8. 0-0 a6 9. Be2 d5 10. exd5 Nxd5 11. Nxd5 Nxd4 12. Bxd4 Qxd5 13. Bxg7 Qxd1 14. Raxd1 Kxg7 15. Bf3 Rb8 16. Rfe1 Bf5 17. Be4 Bxe4 18. Rxe4 Rfe8 19. Rxe8 Rxe8 20. Kf1 Re6 21. b3 Rc6 22. c4 b5 23. cxb5 axb5 24. a4 bxa4 25. bxa4 Ra6 26. Ra1 Kf6 27. Ke2 Ke5 28. Kd3 Kd5 29. Kc3 Kc5 30. Kb3 Rb6+ 31. Kc3 Rf6 32. f3 Kb6 33. Rd1 Rc6+ 34. Kb3 f6 35. h4 h5 36. g4 Re6 37. gxh5 Re3+ 38. Kc4 gxh5 39. Rd5 Rxf3 40. Rxh5 f5 41. Rh6+ c6 42. a5+ Kxa5 43. Rxc6 Rf4+ 44. Kd5 Rxh4 45. Rf6 Rb4 46. Rxf5 Ka4 47. Ke5 Rb1 48. Rf8 Re1+ 49. Kd4 Kb5 50. Rf5+ Kb4 51. Rf4 Rd1+ 52. Ke5+ Kc5 53. Re4 Rf1 54. Re2 Rf8 55. Rc2+ Kb4 56. Rc7 Re8+ 57. Kd4 Rd8+ 58. Ke4 Re8+ 59. Kd4 Rd8+ 60. Ke4 Rd1 61. Rc8 Kb5 62. Ke3 Kb6 63. Ke2 Kb7 64. Kxd1 Kxc8 1/2-1/2

[Event "Sitges Sunway op 9th"]
[Site "Sitges"]
[Date "2022.12.14"]
[Round "3"]
[White "Arjun, C Krishnamachari"]
[Black "Baenziger, Fabian"]
[Result "1/2-1/2"]
[WhiteElo "2241"]
[BlackElo "2426"]
[PlyCount "42"]
[EventDate "2022.12.12"]
[EventType "swiss"]
[EventRounds "10"]
[EventCountry "ESP"]
[SourceTitle "CBM 211 Extra"]
[Source "ChessBase"]
[SourceDate "2023.01.31"]
[SourceVersion "1"]
[SourceVersionDate "2023.01.31"]
[SourceQuality "1"]

1. e4 c5 2. c3 Nf6 3. e5 Nd5 4. d4 cxd4 5. Nf3 e6 6. cxd4 d6 7. Bd3 Bd7 8. 0-0 Bc6 9. Nc3 Nxc3 10. bxc3 Nd7 11. Bf4 dxe5 12. Nxe5 Nxe5 13. Bxe5 Bd6 14. f4 0-0 15. Bxh7+ Kxh7 16. Qh5+ Kg8 17. Bxg7 Kxg7 18. Qg4+ Kh7 19. Qh5+ Kg7 20. Qg4+ Kh7 21. Qh5+ Kg7 1/2-1/2

[Event "Benidorm op-A"]
[Site "Benidorm"]
[Date "2022.12.10"]
[Round "8"]
[White "Garcia Callejo, Jesus"]
[Black "Arjun, C Krishnamachari"]
[Result "1/2-1/2"]
[WhiteElo "2138"]
[BlackElo "2241"]
[PlyCount "100"]
[EventDate "2022.12.03"]
[EventType "swiss"]
[EventRounds "9"]
[EventCountry "ESP"]
[SourceTitle "CBM 211 Extra"]
[Source "ChessBase"]
[SourceDate "2023.01.31"]
[SourceVersion "1"]
[SourceVersionDate "2023.01.31"]
[SourceQuality "1"]

1. e4 c5 2. Nf3 d6 3. c3 Nf6 4. Bd3 g6 5. 0-0 Bg7 6. Re1 0-0 7. Bc2 Nc6 8. d4 cxd4 9. Nxd4 d5 10. exd5 Qxd5 11. Nxc6 Qxc6 12. Nd2 Bg4 13. f3 Be6 14. Qe2 Rad8 15. Ne4 Nxe4 16. Bxe4 Qd6 17. Be3 b6 18. Red1 Qc7 19. a4 Be5 20. h3 Bc4 21. Bd3 Bxd3 22. Rxd3 Rxd3 23. Qxd3 Rd8 24. Qb5 Bf4 25. Re1 Bxe3+ 26. Rxe3 Rd1+ 27. Kf2 Qh2 28. Qe8+ Kg7 29. Qxe7 Qg1+ 30. Kg3 Rd5 31. c4 Rf5 32. Re5 Rf6 33. Qd8 h5 34. h4 Qc1 35. Re8 Rf5 36. Qd4+ Rf6 37. Rd8 g5 38. hxg5 Qxg5+ 39. Kf2 h4 40. Rd5 Qg3+ 41. Kg1 h3 42. Qg4+ Qxg4 43. fxg4 hxg2 44. Rd4 Rf1+ 45. Kxg2 Rb1 46. Rd2 Rc1 47. b3 Rc3 48. a5 Rxb3 49. axb6 Rxb6 50. Ra2 Rc6 1/2-1/2

[Event "Benidorm op-A"]
[Site "Benidorm"]
[Date "2022.12.04"]
[Round "2"]
[White "Arjun, C Krishnamachari"]
[Black "Vignesh, B."]
[Result "0-1"]
[WhiteElo "2241"]
[BlackElo "2032"]
[PlyCount "90"]
[EventDate "2022.12.03"]
[EventType "swiss"]
[EventRounds "9"]
[EventCountry "ESP"]
[SourceTitle "EXT 2024"]
[Source "ChessBase"]
[SourceDate "2023.10.10"]
[SourceVersion "1"]
[SourceVersionDate "2023.10.10"]
[SourceQuality "1"]

1. e4 c5 2. c3 d5 3. exd5 Qxd5 4. Nf3 Nc6 5. Na3 Bg4 6. Be2 Nf6 7. 0-0 e6 8. d4 cxd4 9. Nb5 Qd7 10. Nfxd4 Bxe2 11. Qxe2 Nxd4 12. Nxd4 Be7 13. Rd1 0-0 14. Bf4 Rfd8 15. Be5 a6 16. b3 Qe8 17. c4 Rac8 18. Nf3 Qc6 19. Bb2 Qe4 20. Kf1 Qf5 21. h3 h6 22. Rac1 Bc5 23. Rxd8+ Rxd8 24. Rd1 Rxd1+ 25. Qxd1 Ne4 26. Bd4 e5 27. Bxc5 Nxc5 28. Qd8+ Kh7 29. Qd5 Qb1+ 30. Ne1 Ne4 31. Qxe5 Nd2+ 32. Kg1 Qxa2 33. Qf5+ Kg8 34. Qc8+ Kh7 35. Qxb7 Qb1 36. Qe7 Nxb3 37. Kh2 Qf5 38. Qe3 Nc5 39. g4 Qc8 40. Qe7 Ne6 41. Qxf7 Qxc4 42. Qf5+ Kg8 43. Nd3 g5 44. Kg1 Nf8 45. Ne5 Qd5 0-1

[Event "Novi Sad TS IM 111th"]
[Site "Novi Sad"]
[Date "2019.04.21"]
[Round "2"]
[White "Arjun, C Krishnamachari"]
[Black "Nomin Erdene, Davaademberel"]
[Result "0-1"]
[WhiteElo "2209"]
[BlackElo "2399"]
[PlyCount "58"]
[EventDate "2019.04.20"]
[EventType "tourn"]
[EventRounds "11"]
[EventCountry "SRB"]
[EventCategory "1"]
[SourceTitle "CBM 190 Extra"]
[Source "ChessBase"]
[SourceDate "2019.07.15"]
[SourceVersion "1"]
[SourceVersionDate "2019.07.15"]
[SourceQuality "1"]

1. e4 c6 2. c4 d5 3. cxd5 cxd5 4. exd5 Nf6 5. Nc3 Nxd5 6. Nf3 Nxc3 7. bxc3 g6 8. h4 Bg7 9. h5 Nc6 10. Qa4 Qc7 11. hxg6 fxg6 12. Qc4 Qd6 13. Rxh7 Rxh7 14. Qg8+ Bf8 15. Qxh7 Bf5 16. Nh4 Qe5+ 17. Kd1 Qh2 18. d4 Qh1 19. Ke2 Bd3+ 20. Kxd3 Qxf1+ 21. Kc2 Nxd4+ 22. cxd4 Rc8+ 23. Kd2 Qxf2+ 24. Kd1 Qxd4+ 25. Ke2 Rc2+ 26. Kf3 Rf2+ 27. Kg3 Rf7 28. Qxg6 Qxa1 29. Bf4 Qg7 0-1

[Event "Novi Sad TS IM 115th"]
[Site "Novi Sad"]
[Date "2019.04.17"]
[Round "5"]
[White "Arjun, C Krishnamachari"]
[Black "Nitish, Belurkar"]
[Result "1-0"]
[WhiteElo "2209"]
[BlackElo "2327"]
[PlyCount "79"]
[EventDate "2019.04.15"]
[EventType "tourn"]
[EventRounds "9"]
[EventCountry "SRB"]
[SourceTitle "CBM 190 Extra"]
[Source "ChessBase"]
[SourceDate "2019.07.15"]
[SourceVersion "1"]
[SourceVersionDate "2019.07.15"]
[SourceQuality "1"]

1. e4 e6 2. b3 d5 3. Bb2 dxe4 4. Nc3 Nf6 5. Qe2 Bd7 6. Nxe4 Nxe4 7. Qxe4 Bc6 8. Qg4 Nd7 9. Nf3 Nf6 10. Qg3 Ne4 11. Qe5 Qd6 12. Qxd6 cxd6 13. Nd4 Bd7 14. Nb5 Kd8 15. Bd4 a6 16. Bb6+ Ke7 17. Nc3 Bc6 18. f3 Nf6 19. a4 g6 20. Bd4 Bg7 21. Be2 Rhe8 22. 0-0 Kf8 23. b4 e5 24. Bb6 d5 25. b5 Bd7 26. bxa6 bxa6 27. Rab1 Rec8 28. f4 Ne4 29. Nxe4 dxe4 30. fxe5 Bxe5 31. c3 Bxa4 32. Bg4 Re8 33. Bc5+ Kg8 34. Rb7 f5 35. Be2 a5 36. Rfb1 Bc6 37. Bc4+ Kh8 38. R7b6 Rab8 39. Rxb8 Bxb8 40. Rxb8 1-0

[Event "IND-ch U17"]
[Site "Haryana"]
[Date "2018.09.08"]
[Round "8"]
[White "Akshit, Kumar J"]
[Black "Arjun, C Krishnamachari"]
[Result "1/2-1/2"]
[WhiteElo "1845"]
[BlackElo "1901"]
[PlyCount "71"]
[EventDate "2018.09.03"]
[EventType "swiss"]
[EventRounds "11"]
[EventCountry "IND"]
[SourceTitle "CBM 186 Extra"]
[Source "ChessBase"]
[SourceDate "2018.08.24"]
[SourceVersion "1"]
[SourceVersionDate "2018.08.24"]
[SourceQuality "1"]

1. e4 e5 2. Nf3 Nc6 3. Bc4 Nf6 4. d3 Bc5 5. Nbd2 0-0 6. c3 d5 7. exd5 Nxd5 8. 0-0 a6 9. Re1 Bg4 10. h3 Bh5 11. Ne4 Ba7 12. Ng3 Bg6 13. Nxe5 Nxe5 14. Rxe5 Nb6 15. Qf3 c6 16. Bf4 Nxc4 17. dxc4 Qd3 18. Qxd3 Bxd3 19. Re7 b5 20. cxb5 axb5 21. Rd1 Bc4 22. a3 Be6 23. Be3 Bxe3 24. fxe3 Rfd8 25. Rd4 c5 26. Rxd8+ Rxd8 27. Rc7 Rd1+ 28. Kh2 Rd2 29. Ne4 Rxb2 30. Nxc5 h6 31. Rb7 Bd5 32. Rb8+ Kh7 33. e4 Bc4 34. a4 f5 35. axb5 f4 36. Rf8 1/2-1/2

[Event "Bhubaneswar op 11th"]
[Site "Bhubaneswar"]
[Date "2018.05.25"]
[Round "1"]
[White "Rahman, Ziaur"]
[Black "Arjun, C Krishnamachari"]
[Result "1-0"]
[WhiteElo "2495"]
[BlackElo "1875"]
[PlyCount "69"]
[EventDate "2018.05.25"]
[EventType "swiss"]
[EventRounds "10"]
[EventCountry "IND"]
[SourceTitle "CBM 184 Extra"]
[Source "ChessBase"]
[SourceDate "2018.06.28"]
[SourceVersion "1"]
[SourceVersionDate "2018.06.28"]
[SourceQuality "1"]

1. Nf3 Nf6 2. c4 e6 3. g3 d5 4. Bg2 Be7 5. 0-0 0-0 6. b3 c5 7. Bb2 Nc6 8. e3 b6 9. Nc3 Bb7 10. cxd5 exd5 11. d4 Re8 12. Rc1 Bf8 13. dxc5 bxc5 14. Na4 Ba6 15. Nxc5 Bxf1 16. Qxf1 Rc8 17. Bh3 Rb8 18. Na6 Rb6 19. Nd4 Qd6 20. Nf5 Qd8 21. Nc5 Ne5 22. Na4 Rb8 23. Nd4 Qe7 24. Qe2 Qb7 25. Nc5 Bxc5 26. Rxc5 Ne4 27. Rc2 Nd6 28. a4 f5 29. Ba3 Nef7 30. Rc6 Ng5 31. Bxd6 Nxh3+ 32. Kg2 Rbd8 33. Kxh3 Re4 34. Qb5 Qf7 35. Kg2 1-0